| 000 | 00707pam a2200241 a 4500 | ||
|---|---|---|---|
| 001 | 3733303 | ||
| 003 | ARRUPE | ||
| 005 | 20130917140954.0 | ||
| 008 | 810825s1982 tnu 000 0 eng | ||
| 010 | _a 81012790 | ||
| 020 | _a0687094801 (pbk.) | ||
| 040 |
_aDLC _cDLC _dDLC |
||
| 050 | 0 | 0 |
_aBV4012.2 _b.R63 |
| 082 | 0 | 0 |
_a158/.3 _219 |
| 100 | 1 |
_aRoe, John E. _q(John Ed), _d1945- _9317 |
|
| 245 | 1 | 2 |
_aA consumer's guide to Christian counseling / _cJohn E. Roe. |
| 260 |
_aNashville, Tenn. : _bAbingdon, _cc1982. |
||
| 300 |
_a143 p. ; _c20 cm. |
||
| 650 | 0 |
_aPastoral counseling. _9318 |
|
| 650 | 0 |
_aCounseling. _9319 |
|
| 906 |
_a7 _bcbc _corignew _d1 _eocip _f19 _gy-gencatlg |
||
| 942 |
_2lcc _cMONOGRAPH |
||
| 999 |
_c117824 _d117824 |
||